000 00376nam a22001337a 4500
005 20200523145124.0
008 200523b xxu||||| |||| 00| 0 eng d
082 _a340
110 _aThe All India Reporter Ltd.
_95739
245 _aThe All India Reporter 1985 (VOL-72) DELHI Section
260 _aBOMBAY
_bThe All India Reporter Ltd.
_c1985
650 _aLAW
_95701
942 _cJRL
999 _c6456
_d6454